New First Certificate Masterclass : (ბიბ.ჩანაწერი № 56869)
[ მარტივი ფორმატი ]
| 000 -LEADER | |
|---|---|
| fixed length control field | 00576nam a2200217Ia 4500 |
| 001 - CONTROL NUMBER | |
| control field | 2174 |
| 003 - CONTROL NUMBER IDENTIFIER | |
| control field | GE_BSU |
| 005 - DATE AND TIME OF LATEST TRANSACTION | |
| control field | 20190527144622.0 |
| 008 - FIXED-LENGTH DATA ELEMENTS--GENERAL INFORMATION | |
| fixed length control field | 181216s1997||||enk|||||||||||||| ||eng|| |
| 040 ## - CATALOGING SOURCE | |
| Transcribing agency | GE_BSU |
| 041 ## - LANGUAGE CODE | |
| Language code of text/sound track or separate title | eng |
| 080 ## - UNIVERSAL DECIMAL CLASSIFICATION NUMBER | |
| Universal Decimal Classification number | 811.111(075.8) H-17 |
| 100 ## - MAIN ENTRY--PERSONAL NAME | |
| Personal name | Haines, Simon. |
| 9 (RLIN) | 1635 |
| 245 ## - TITLE STATEMENT | |
| Title | New First Certificate Masterclass : |
| Remainder of title | Student's Book / |
| 260 ## - PUBLICATION, DISTRIBUTION, ETC. | |
| Name of publisher, distributor, etc. | Oxford |
| 260 ## - PUBLICATION, DISTRIBUTION, ETC. | |
| Date of publication, distribution, etc. | 1997 |
| 300 ## - PHYSICAL DESCRIPTION | |
| Extent | 223 p. |
| Other physical details | 28 cm. |
| 653 ## - INDEX TERM--UNCONTROLLED | |
| keyword | ინგლისური ენა |
| 700 ## - ADDED ENTRY--PERSONAL NAME | |
| Personal name | Stewart, barbara |
| Relator term | ავტორი |
| 9 (RLIN) | 1636 |
| 942 ## - ADDED ENTRY ELEMENTS (KOHA) | |
| Koha item type | წიგნი |
| Source of classification or shelving scheme | |
არაა ხელმისაწვდომი ეგზემპლარები.
